सचित्र दुर्गा का मंदिर तथा अन्य कहानियाँ / (Record no. 34661)

MARC details
000 -LEADER
fixed length control field 01341nam a22002537a 4500
005 - DATE AND TIME OF LATEST TRANSACTION
control field 20100315102214.0
008 - FIXED-LENGTH DATA ELEMENTS--GENERAL INFORMATION
fixed length control field 100315t xxu||||| |||| 00| 0 hin d
010 ## - LCCN (DPL NO)
LC control number HIN-89129
020 ## - INTERNATIONAL STANDARD BOOK NUMBER
International Standard Book Number 8187212543
Terms of availability 275.00
035 ## - SYSTEM CONTROL NUMBER
System control number HN-61475
037 ## - SOURCE OF ACQUISITION
Source of stock number/acquisition DBAD / PUB
040 ## - CATALOGING SOURCE
Original cataloging agency DPL
Language of cataloging HN
082 ## - DEWEY DECIMAL CLASSIFICATION NUMBER
Classification number
100 ## - MAIN ENTRY--PERSONAL NAME
Personal name प्रेमचन्द
9 (RLIN) 1393
245 ## - TITLE STATEMENT
Title सचित्र दुर्गा का मंदिर तथा अन्य कहानियाँ /
Statement of responsibility, etc प्रेमचन्द
246 ## - VARYING FORM OF TITLE
Title proper/short title Sachitra Durga ka Mandir tatha anya Kahaniyan
Remainder of title by Prem Chand
260 ## - PUBLICATION, DISTRIBUTION, ETC. (IMPRINT)
Place of publication, distribution, etc नई दिल्ली
Name of publisher, distributor, etc श्री ज्वालाजी बुक्स ऐजुकेशनल इण्टरप्राइजेज
Date of publication, distribution, etc 2009
270 ## - ADDRESS
Address डब्लू जैड-डी-14, प्रथम तल, दयाल सर कालोनी, उत्तम नगर
City नई दिल्ली
Postal code 110059
300 ## - PHYSICAL DESCRIPTION
Extent 263पृ
Dimensions 22सेमी (सजिल्द)
Other physical details सचित्र
650 ## - SUBJECT ADDED ENTRY--TOPICAL TERM
Topical term or geographic name as entry element लघु कथाएं, हिन्दी
9 (RLIN) 1159
650 ## - SUBJECT ADDED ENTRY--TOPICAL TERM
Topical term or geographic name as entry element Short stories, Hindi
9 (RLIN) 17318
942 ## - ADDED ENTRY ELEMENTS (KOHA)
Source of classification or shelving scheme Dewey Decimal Classification
Item type Hindi Books
Call number suffix प्रेमच
Holdings
Withdrawn status Lost status Source of classification or shelving scheme Damaged status Not for loan Collection code Home library Current library Date acquired Source of acquisition Cost, normal purchase price Total Checkouts Full call number Barcode Date last seen Copy number Cost, replacement price Koha item type
    Dewey Decimal Classification   Not For Loan Non-fiction D.B.Act.Division D.B.Act.Division 15/03/2010 DBAD / PUB 275.00   प्रेमच HN-61475 15/03/2010 1 275.00 Hindi Books

© Delhi Public Library
Hit Counter
free hit counter